000 01105cam a2200337 i 4500
001 005673438
003 yeezen
005 20250703142209.0
008 231124s2021 ch g 000 0 chi d
020 _a9789869906722
_q(平裝) :
_c[新臺幣850元]
040 _aNCNU
_bchi
_cNCNU
_dNCNU
_eCCR
041 1 _achi
_heng
042 _anbic
084 _a419.812
090 _a419.812
100 1 _aLadwig, Gail B.
_e
245 1 0 _aMosby護理診斷手冊 =
_bMosby's guide to nursing diagnosis /
_cGail B. Ladwig等原著 ; 邱文心翻譯
246 3 _a護理診斷手冊
246 3 1 _aMosby's guide to nursing diagnosis.
250 _a6版
260 _a臺北市 :
_b臺灣愛思唯爾,
_c2021.11
300 _a863面 ;
_c21公分
500 _a著者譯爲蓋爾·B·拉德維格
500 _a題名取自版權頁
500 _a附錄 : 聽力喪失與視力喪失的護理照護計畫
504 _a參考書目 : 面[835]-863.
650 7 _a護理診斷
_2lcstt.
700 1 _a邱文心
_e翻譯
765 0 _aMosby's guide to nursing diagnosis, 6e.
942 _2ccl
_cLNTERM
999 _c7650
_d7650